Statistics for Happy Days Cast

Click here to take the quiz!

General Stats

  • This quiz has been taken 30 times
  • The average score is 6 of 11

Answer Stats

Character(Episodes)Answer% Correct
Richie Cunningham(170)Ron Howard
90%
Arthur Fonarelli(All)Henry Winkler
86%
Howard Cunningham(All)Tom Bosley
76%
Chachi Arcola(131)Scott Baio
66%
Joanie Cunningham(234)Erin Moran
62%
Potsie Weber(211)Anson Williams
55%
Ralph Malph(168)Don Most
55%
Marion Cunningham(252)Marion Ross
48%
Al Delvecchio(145)Al Molinaro
31%
Roger Phillips(61)Ted McGinley
21%
Lori Beth Cunningham(61)Linda Goodfriend
10%

Score Distribution

Percentile by Number Answered

Percent of People with Each Score

Your Score History

You have not taken this quiz